00700 2200253 4500001002100000005001700021008004100038020001800079035002400097082001000121090002000131100001300151245008500164250001100249260003600260300002900296500002900325650002600354700001500380850001500395980001500410985000600425999001500431YOGYA-0209000003546620090227025019.0 ind  a979-661-022-1 0010-020900000035466 a612.8 a612.8bLis WlT aLisdiana aWaspada terhadap kelebihan dan kekurangan gizicLisdiana ; ilustrator Hartono MD aCet. 2 aUngaranbTrubus Agriwidyac1998 avii, 73 hlmbilusc21 cm aBibliografi : hlm. 62-63 aGizixAspek fisiologi aHartono MD aYOPDYOG(B) a29-09-2006 a1 a00P0006953